000 02499nam a2200253 i 4500
003 DO-SdBNP
005 20250730140130.0
007 ta
008 250730s1966 mx 000 0 spa d
040 _aDO-SdBNP
_bspa
_cBNPHU
_erda
041 _aspa
082 _axxx
_bI62
_222
245 0 0 _aInvestigación sociológica y vida rural en América Central, México y la Región del Caribe:
_bactas del Seminario organizado por la Unesco en cooperación con la Comisión Económica de las Naciones Unidas para América Latina (México D.F., 17-27 de octubre de 1962) /
_cedición, Egbert de Vries, P. González Casanova
264 _aMéxico :
_bUnesco,
_c1966.
300 _a269 páginas ;
_c21 cm.
336 _atexto
_btxt
_2rdacontent
337 _asin mediación
_bn
_2rdamedia
338 _avolumen
_bnc
_2rdacarrier
500 _aLista de participantes.
520 _aEl texto aborda la investigación sociológica y la vida rural en América Central, México y la región del Caribe, centrándose en las dinámicas sociales, económicas y culturales que configuran las comunidades rurales de estas áreas. Se discutieron temas como la migración interna y externa, la transformación de las estructuras agrarias, la influencia de las políticas públicas en el desarrollo rural y la preservación de las identidades culturales en un contexto de modernización y globalización. Los participantes analizaron cómo las comunidades rurales enfrentan desafíos relacionados con la pobreza, el acceso limitado a servicios básicos y la necesidad de diversificar sus economías para mejorar su calidad de vida. Se enfatizó la importancia de la participación comunitaria y el fortalecimiento de las organizaciones locales como mecanismos para promover el desarrollo sostenible y equitativo en las zonas rurales. Además, se destacó la relevancia de la investigación sociológica para comprender las particularidades de estas comunidades y diseñar políticas que respondan a sus necesidades específicas, reconociendo la diversidad cultural y social que caracteriza a la región. El seminario concluyó con recomendaciones orientadas a fomentar la colaboración entre instituciones académicas, organizaciones no gubernamentales y entidades gubernamentales para impulsar proyectos de investigación y desarrollo que contribuyan al bienestar de las poblaciones rurales en América Central, México y el Caribe.RAR
590 _aInventariado, 2025/ YL
910 _aYlockward
942 _2ddc
_cLBS1
999 _c59685
_d59685